Lesley's public relations handbook (Record no. 31609)

MARC details
000 -LEADER
fixed length control field 00304nam a2200121Ia 4500
082 ## - DEWEY DECIMAL CLASSIFICATION NUMBER
Classification number 659.4
Item number LES
245 #0 - TITLE STATEMENT
Title Lesley's public relations handbook
250 ## - EDITION STATEMENT
Edition statement Ed.2
260 ## - PUBLICATION, DISTRIBUTION, ETC. (IMPRINT)
Place of publication New Jersey
Name of publisher Prentice Hall
Year of publication 1978
700 ## - ADDED ENTRY--PERSONAL NAME
Personal name Lesly, Philip
942 ## - ADDED ENTRY ELEMENTS (KOHA)
Koha item type Books
Holdings
Withdrawn status Lost status Damaged status Not for loan Home library Current library Date acquired Cost, normal purchase price Full call number Accession Number Koha item type
        RRII Library RRII Library 16/12/2021 29.95 659.4 LES 12150 Books